El peso de la noche
Guardat en:
| Autor principal: | |
|---|---|
| Format: | Llibre |
| Idioma: | espanyol |
| Publicat: |
Barcelona
Bruguera
1981
|
| Col·lecció: | Colección libro amigo, 1502
|
| Matèries: | |
| Etiquetes: |
Afegir etiqueta
Sense etiquetes, Sigues el primer a etiquetar aquest registre!
|
MARC
| LEADER | 00000nam a2200000 a 4500 | ||
|---|---|---|---|
| 001 | UCX0783 | ||
| 003 | CL-VaPUC | ||
| 008 | 900316e19810000SP |||||||||||||||||spa|d | ||
| 082 | 0 | 4 | |a Ch863 |b EDW |2 21 |
| 100 | 0 | |a Edwards, Jorge |e author |9 316174 | |
| 245 | 1 | 3 | |a El peso de la noche |
| 300 | |a 218 p | ||
| 942 | |c BK | ||
| 945 | |d 19900316 00:00:00 | ||
| 260 | |a Barcelona |b Bruguera |c 1981 | ||
| 650 | 0 | |a Novelas chilenas |9 265425 | |
| 583 | |a last modification |c 19900316 00:00:00 |k Rodrigo Vera | ||
| 490 | 0 | |a Colección libro amigo, 1502 | |
| 999 | |c 222245 |d 222243 | ||
| 952 | |0 0 |1 0 |4 0 |6 CH_863_000000000000000_EDW_1981 |7 0 |8 A |9 216697 |a BIBEDU |b BIBEDU |d 2019-11-15 |i 2854473 |l 2 |o Ch863 EDW 1981 |p 2854473 |r 2022-10-19 |s 2022-10-17 |w 2019-11-15 |y BK |k LIT | ||